000 00434nam a2200157Ia 4500
008 160316s1998 xxu||||| |||| 00| 0 eng d
082 _a330.000000
_bNEW-II-1
100 _aNewman Peter
245 _aThe new Palgrave dictionary of economics and the law Vol II E - O
250 _a
260 _aLondon
_bMacMillan Reference Ltd.
_c1998
300 _a742p
_b
_c
365 _b
650 _a1. Economics - Dictionary
700 _a
_a
999 _c15747
_d15747